All Players with Touchdowns in Super Bowl 45 - Statistics

General Stats
  • This quiz has been taken 71 times
  • The average score is 4 of 8
Answer Stats
Team Position # Answer % Correct
Packers Quarterback 3 Aaron Rodgers
100%
Steelers Quarterback 2 Ben Roethlisberger
91%
Packers Wide Receiver 1 Jordy Nelson
77%
Packers Wide Receiver 2 Greg Jennings
55%
Steelers Runningback 1 Rashad Mendenhall
38%
Steelers Wide Receiver 1 Mike Wallace
33%
Packers Safety 1 Nick Collins
25%
Steelers Wide Receiver 1 Ward Hines
11%
No matching quizzes found
Score Distribution
Percent of People with Each Score
Percentile by Number Answered
Your Score History
You have not taken this quiz